Enigme One Piece - Statistiques

Statistiques générales
  • Ce quiz a été pris 540 fois
  • Le résultat moyen est 16 sur 26
Statistiques - réponses
Hint Réponse % Correct
X Tout le monde fut surpris que j'arrive en premier à notre point de rendez-vous car je me repère très mal Zoro
87%
I J'ai chopé une maladie mortelle à ma naissance mais j'ai réussi à grandir grâce à H Law
84%
O Second du plus fort Supernova, je passe désormais mon temps à rigoler depuis que j'ai mangé un fruit. Killer
80%
M J'ai du vivre dans le danger dès mon plus jeune âge car mon pays n'étudiais pas le bon domaine Robin
79%
Y Toujours accompagné de mon ami Hattori, je peux me transformer en léopard Rob Lucci
79%
U Je suis un dieu, mais je suis tombé contre le seul élément qui pouvait me battre Ener
77%
H J'ai perdu mon titre de dragon céleste petit, je me suis fait volé mon autre nom par W Corazon
74%
G J'ai volé un fruit "raté" car j'avais faim Momonosuke
74%
C J'attend le retour de mes amis pour chanter encore une fois Laboon
72%
K Je suis un ancien amiral, je me rapproche beaucoup d'un dieu Sengoku
69%
L Je suis heureux de ne pas voir la cruauté de ce monde Fujitora
68%
P Je suis le dernier membre de mon espèce, je suis une Calamité King
68%
J Je suis de la même race que ceux qui ont protégé B. Je suis également le second de I Bepo
67%
A Dernier membre de mon clan. Je suis prêt à tout donner pour F même si ce n'est pas ma fille biologique Bartholomew Kuma
66%
N Je suis un membre du Sword, mais étant démasqué je devient un Tobi Roppo X Drake
66%
F J'ai recuperer la même maladie de ma maman ce qui m'empêche de rester au soleil trop longtemps Bonney
61%
B Caché par un chat et un chien, je suis sous les ordres de G Raizo
60%
R Si content de trouver un trésor j'ai glissé de la montagne. Je suis désormais le gardien de l'île des animaux rares Gaimon
55%
E On m'a confondu avec un autre ce qui a totalement changé ma vie en mal Duval
51%
V Défunt ami de M j'ai également aidé sa mère Haguar D Sauro
50%
D Je me suis fait battre par un homme avec un marteau géant et des cafards Perona
47%
Q Je suis le plus fidèle ami de la princesse, j'ai également ma photo sur un avis de recherche Kaloo
46%
Z Si vous me toucher la plus haute autorité arrive très vite. Saint Charlos
45%
S Je lance des cordes et je suis le seul à ne pas être avec Y. Pauly
44%
W Je suis décedé dans une grosse explosion alors que je retennais prisonnier beaucoup de personne notamment G Vergo
27%
T J'ai été vendu aux enchères et Z a voulu m'acheter Shirahoshi
21%
Aucun quiz correspondant
Distribution des résultats
% des personnes avec chaque résultat
Percentile par nombre de réponses
Votre historique - résultats
Vous n’avez pas pris ce quiz